000 00318nam a22001217a 4500
003 SGT
082 _a080
_bB08M
100 _aमोइली, एम. वीरप्पा
245 _aभारत सरकार
260 _b विज्ञानं एनैक्स
_c2008
300 _a259
942 _2ddc
_cBK
999 _c31446
_d31446